Honeymoon : (Record no. 1256)

MARC details
000 -LEADER
fixed length control field 01170pam a2200277 a 4500
005 - DATE AND TIME OF LATEST TRANSACTION
control field 20260322212053.0
008 - FIXED-LENGTH DATA ELEMENTS--GENERAL INFORMATION
fixed length control field data
010 ## - LIBRARY OF CONGRESS CONTROL NUMBER
LC control number 2004009895
020 ## - INTERNATIONAL STANDARD BOOK NUMBER
International Standard Book Number 0316710628
020 ## - INTERNATIONAL STANDARD BOOK NUMBER
International Standard Book Number 9780316710626
040 ## - CATALOGING SOURCE
Original cataloging agency DLC
Transcribing agency DLC
Modifying agency C#P
-- NSB
-- JQF
-- C#P
050 00 - LIBRARY OF CONGRESS CALL NUMBER
Classification number PS3566.A822
Item number H66 2005
099 ## - LOCAL FREE-TEXT CALL NUMBER (OCLC)
Classification number PATTEJ
001 - CONTROL NUMBER
control field data
100 1# - MAIN ENTRY--PERSONAL NAME
Personal name Patterson, James,
Dates associated with a name 1947-
245 10 - TITLE STATEMENT
Title Honeymoon :
Remainder of title a novel /
Statement of responsibility, etc. James Patterson & Howard Roughan.
250 ## - EDITION STATEMENT
Edition statement 1st ed.
260 ## - PUBLICATION, DISTRIBUTION, ETC.
Place of publication, distribution, etc. New York :
Name of publisher, distributor, etc. Little, Brown and Co.,
Date of publication, distribution, etc. 2005.
300 ## - PHYSICAL DESCRIPTION
Extent 393 p. ;
Dimensions 25 cm.
520 ## - SUMMARY, ETC.
Summary, etc. When a number of rich men come to a mysterious end, and a young investment banker dies of a supposed heart attack, FBI agent John O'Hara believes it is the work of a cold-blooded killer. Turning his eye to the only witness - the young banker's beautiful and secretive widow - O'Hara thinks he's closing in, but he's not sure whether he's pursuing justice or his own fatal obsession.
650 #0 - SUBJECT ADDED ENTRY--TOPICAL TERM
Topical term or geographic name entry element Investment bankers
General subdivision Crimes against
Form subdivision Fiction.
650 #0 - SUBJECT ADDED ENTRY--TOPICAL TERM
Topical term or geographic name entry element Women interior decorators
Form subdivision Fiction.
650 #0 - SUBJECT ADDED ENTRY--TOPICAL TERM
Topical term or geographic name entry element Government investigators
Form subdivision Fiction.
650 #0 - SUBJECT ADDED ENTRY--TOPICAL TERM
Topical term or geographic name entry element Witnesses
Form subdivision Fiction.
700 1# - ADDED ENTRY--PERSONAL NAME
Personal name Roughan, Howard.
Holdings
Withdrawn status Lost status Damaged status Not for loan Home library Current library Shelving location Date acquired Total checkouts Full call number Barcode Date last seen Price effective from Koha item type
        Troy Troy General stacks 22/03/2026   PS3566.A822 H66 2005 BC0011297 22/03/2026 22/03/2026 Books